000 00697nam a22002417a 4500
003 UA-OsUOA
001 113328
007 ta
008 20150907b un ||||| |||| 00| 0 ukr d
100 _aSterling E.L.
090 _a215
942 _cBK
040 _aUA-OsUOA
_beng
_cUA-OsUOA
_dUA-OsUOA
245 _aValley of Decision
300 _a73 p.
955 _a2
041 _aeng
080 _a215
260 _aTexarkana
_bDayspring Productions
_c1988
650 7 _a21 Природна теологія. Теодицея (Бог). Раціональна теологія Релігійна філософія
_2UDC
999 _c399518
_d399518